01014 a2200193 4500003000500000005001700005040000900022082001500031100002400046245009700070260003000167300006500197505027000262650003100532942001200563999001900575952012400594952010200718Nust20230307095225.0 cNust a355.02,DAL a Dalvi, J. P949054 aHimalayan blunder :b the curtain-raiser to the Sino-Indian War of 1962 /cName: Dalvi, J. P aBombay,bThacker,c 1969. axxi, 506 p. illusb. col. maps (part fold.),c ports. 23 cm. aPart.1 The Year of Credulity and Negligence (Page-1), Part.2 The Fateful Year -1962 (Page-107), Part.3 On to the Namka CHU (Page-165), Part.4 The End of Make – Believe (Page-245), Part.5 The Battle at the Namka CHA River (Page-307), Part.6 The reason (Page-397).  aHimalayan blunder;9109918 2ddccBK c185213d185213 00102ddc4070aMCSbMCScGENd2016-12-12o355.02,DALpMCS21649r2016-12-08w2016-12-12yBKzAlmirah No.73, Shelf No.8 00102ddc40708NFICaMCSbMCSd2016-12-12l0o355.02 DALpMCS21720r2016-12-08w2016-12-12yBK